LDR 00950naa#a2200181#i#450# 001 RU\\bibl\19494 005 20260516110828.6 100 ## _a20260515b2026####ek#y0rusy0150####ca 102 ## _aRU 200 1# _aДЕКОРАТИВНОЕ ДРЕВОВОДСТВО И ПИТОМНИКОВОДСТВО Г. СЕВАСТОПОЛЯ _eСтатья/тезисы конференции 210 1# _aВоронеж _cВоронежский государственный лесотехнический университет имени Г.Ф. Морозова _d2026 215 ## _a6 с. 608 ## _aСтатья/тезисы конференции _2local 675 ## _aДекоративные растения. Декоративное садоводство. 635.9 _z 700 #1 _aСтородубцева _gТамара Никаноровна 700 #1 _aМорковин _gВладимир Александрович 700 #1 _aЖигунова _gД. Э. 856 4# _abibl.vgltu.ru _u